REGULATION OF PHARMACEUTICALS IN DEVELOPING CONTRIES (Record no. 362550)

MARC details
000 -LEADER
fixed length control field 00388nam a2200157Ia 4500
008 - FIXED-LENGTH DATA ELEMENTS--GENERAL INFORMATION
fixed length control field 230516s9999 xx 000 0 und d
041 ## - LANGUAGE CODE
Language code of text/sound track or separate title eng
082 ## - DEWEY DECIMAL CLASSIFICATION NUMBER
Classification number 615.4
245 ## - TITLE STATEMENT
Title REGULATION OF PHARMACEUTICALS IN DEVELOPING CONTRIES
260 ## - PUBLICATION, DISTRIBUTION, ETC.
Place of publication, distribution, etc. DELHI
Name of publisher, distributor, etc. C.B.S. PUBLISHERS & DISTRUTORS
Date of publication, distribution, etc. 1991
300 ## - PHYSICAL DESCRIPTION
Extent 118
365 ## - TRADE PRICE
Tax rate 1 15%
500 ## - GENERAL NOTE
General note PB
520 ## - SUMMARY, ETC.
Summary, etc. REF
650 ## - SUBJECT ADDED ENTRY--TOPICAL TERM
Topical term or geographic name entry element REFERENCE
Holdings
Withdrawn status Lost status Damaged status Not for loan Home library Current library Date acquired Source of acquisition Cost, normal purchase price Total Checkouts Full call number Barcode Date last seen Price effective from Koha item type
        College of Pharmacy, Navi Mumbai College of Pharmacy, Navi Mumbai 16/05/2023 S.K. KOTHARI PUNE 60.00   615.4 PCM-B-297 16/05/2023 16/05/2023 Book